000 00880nam a22001577a 4500
003 OSt
005 20151019173829.0
008 151019b xxu||||| |||| 00| 0 eng d
040 _cRUA
082 _aAVM HOU 2009 B088 Or.1
100 _92491
_aHOUN, MEANUN.
245 _aEffect of using sun-dry taro tuber in concentrated feed on growth rate of avian at the experimental station in the royal university of agriculture, ឥទ្ធិពលនៃការប្រើប្រាស់មើមត្រាវក្រៀមក្នុងចំណីផ្សំលើការលូតលាស់របស់មាន់សាច់នៅស្ថានីយ៍ពិសោធន៍សត្វ​នៃសាកលវិទ្យាល័យភូមិន្ទកសិកម្ម
260 _aPhnom Penh
_bRUA
_c2009
300 _ax; 49p.
_bill.
_c29cm.
942 _2ddc
_cAVM
999 _c2346
_d2346